000 00592nam a2200205 a 4500
005 20220608063456.0
008 021031s1996 mx r 000 0 spa d
020 _a9684760604
035 _aUPN01000120679
049 _aCG
050 4 _aPR1309 G5
_bH578
245 0 0 _aHistorias cómicas de fantasmas /
_cWashington Irving ... [et al.].
250 _a6a ed.
260 _aMéxico :
_bFontamara,
_c1996.
300 _a123 p.
440 0 _aFontamara ;
_v48
650 0 _aCuentos policíacos y de misterio
_92405
700 1 _aIrving, Washington,
_d1783-1859
_ecoaut.
_928915
905 _aLibro
999 _c93013
_d93013